000 00312nam a2200109Ia 4500
008 180205s9999 xx 000 0 und d
020 _a804739226
100 _aParreƱas, Rhacel Salazar
245 _aServants of globalization /
260 _aCalifornia
_bStanford university press
_c2001
300 _aix, 309 pages
999 _c354817
_d354817